| 000 | 00358nam a2200133Ia 4500 | ||
|---|---|---|---|
| 008 | 240112s1956 FEB xx 000 0 und d | ||
| 022 | _a54-6097 | ||
| 041 | _aeng | ||
| 082 | _a618.92705 | ||
| 100 | _aBAKWIN H. | ||
| 245 | _aPEDIATRIC CLINICS OF NORTH AMERIC:SYMPOSIUM ON PEDIATRIC PROTOLOGY | ||
| 260 |
_bSAUNDERS W.B. _c1956 FEB |
||
| 300 | _a220,HB | ||
| 999 |
_c1141482 _d1141482 |
||